[Event "ODJM C 2023"]
[Site "Willingen GER"]
[Date "2023.05.31"]
[Round "6"]
[White "Prokscha, Marlene"]
[Black "Weidenhöfer, Ben"]
[Result "0-1"]
[Termination "normal"]
[Board "22"]
[WhiteElo "1054"]
[BlackElo "1180"]
[WhiteClock "00:29:05"]
[BlackClock "00:08:38"]
[PlyCount "62"]
[WhiteFideId "34631291"]
[BlackFideId "16273702"]
[EventCountry "GER"]
[EventRounds "9"]
[EventType "swiss"]
[EventDate "2023.05.27"]

1. d4 {[%clk 01:30:58]} {[%emt 00:00:01]} d5 {[%clk 01:30:50]} {[%emt
00:00:11]} 2. Bf4 {[%clk 01:31:21]} {[%emt 00:00:07]} Bf5 {[%clk 01:30:24]}
{[%emt 00:00:56]} 3. Nf3 {[%clk 01:31:39]} {[%emt 00:00:12]} e6 {[%clk
01:29:53]} {[%emt 00:01:01]} 4. e3 {[%clk 01:31:34]} {[%emt 00:00:35]} Bd6
{[%clk 01:28:26]} {[%emt 00:01:57]} 5. Bxd6 {[%clk 01:31:53]} {[%emt 00:00:10]}
Qxd6 {[%clk 01:28:42]} {[%emt 00:00:14]} 6. Bd3 {[%clk 01:32:07]} {[%emt
00:00:16]} Bg6 {[%clk 01:28:15]} {[%emt 00:00:57]} 7. Bxg6 {[%clk 01:32:11]}
{[%emt 00:00:25]} hxg6 {[%clk 01:28:21]} {[%emt 00:00:25]} 8. c3 {[%clk
01:31:39]} {[%emt 00:01:02]} Nf6 {[%clk 01:27:21]} {[%emt 00:01:29]} 9. O-O
{[%clk 01:30:46]} {[%emt 00:01:23]} Nbd7 {[%clk 01:26:40]} {[%emt 00:01:11]}
10. g3 {[%clk 01:27:13]} {[%emt 00:04:02]} O-O-O {[%clk 01:23:33]} {[%emt
00:03:38]} 11. Ng5 {[%clk 01:25:20]} {[%emt 00:02:21]} Rdf8 {[%clk 01:22:28]}
{[%emt 00:01:38]} 12. Nd2 {[%clk 01:23:42]} {[%emt 00:02:07]} Rh5 {[%clk
01:20:19]} {[%emt 00:02:40]} 13. Ngf3 {[%clk 01:20:45]} {[%emt 00:03:20]} Rfh8
{[%clk 01:17:44]} {[%emt 00:03:11]} 14. h4 {[%clk 01:18:42]} {[%emt 00:02:33]}
Ng4 {[%clk 01:13:27]} {[%emt 00:04:47]} 15. Kg2 {[%clk 01:13:02]} {[%emt
00:06:10]} f6 {[%clk 01:05:44]} {[%emt 00:08:13]} 16. Qe2 {[%clk 01:08:52]}
{[%emt 00:04:40]} e5 {[%clk 00:59:02]} {[%emt 00:07:13]} 17. e4 {[%clk
01:07:05]} {[%emt 00:02:17]} dxe4 {[%clk 00:57:03]} {[%emt 00:02:28]} 18. Nxe4
{[%clk 01:04:26]} {[%emt 00:03:09]} Qc6 {[%clk 00:49:36]} {[%emt 00:07:57]} 19.
Kh3 {[%clk 00:57:42]} {[%emt 00:07:09]} f5 {[%clk 00:46:24]} {[%emt 00:03:47]}
20. Neg5 {[%clk 00:56:11]} {[%emt 00:01:55]} e4 {[%clk 00:45:00]} {[%emt
00:01:59]} 21. Kg2 {[%clk 00:48:50]} {[%emt 00:07:48]} exf3+ {[%clk 00:41:54]}
{[%emt 00:03:40]} 22. Nxf3 {[%clk 00:46:52]} {[%emt 00:02:27]} g5 {[%clk
00:35:32]} {[%emt 00:06:52]} 23. Rae1 {[%clk 00:43:12]} {[%emt 00:04:09]} Ndf6
{[%clk 00:32:31]} {[%emt 00:03:32]} 24. Qe6+ {[%clk 00:42:08]} {[%emt
00:01:33]} Qxe6 {[%clk 00:30:05]} {[%emt 00:02:58]} 25. Rxe6 {[%clk 00:42:05]}
{[%emt 00:00:33]} gxh4 {[%clk 00:24:11]} {[%emt 00:06:24]} 26. gxh4 {[%clk
00:40:53]} {[%emt 00:01:42]} R8h6 {[%clk 00:19:51]} {[%emt 00:04:49]} 27. Rh1
{[%clk 00:33:17]} {[%emt 00:08:06]} g5 {[%clk 00:12:23]} {[%emt 00:08:00]} 28.
Nxg5 {[%clk 00:31:29]} {[%emt 00:02:18]} Rxh4 {[%clk 00:11:15]} {[%emt
00:01:37]} 29. Rxh4 {[%clk 00:29:58]} {[%emt 00:02:01]} Rxh4 {[%clk 00:10:49]}
{[%emt 00:00:57]} 30. f3 {[%clk 00:29:41]} {[%emt 00:00:47]} Rh2+ {[%clk
00:08:38]} {[%emt 00:02:40]} 31. Kg3 {[%clk 00:29:05]} {[%emt 00:01:01]} Nh5#
{[%emt 00:01:31]} 0-1

[Event "ODJM C 2023"]
[Site "Willingen GER"]
[Date "2023.05.31"]
[Round "6"]
[White "Betz, Niclas"]
[Black "Classen, Miguel"]
[Result "1/2-1/2"]
[Termination "normal"]
[Board "23"]
[WhiteElo "1043"]
[BlackElo "1200"]
[WhiteClock "01:37:49"]
[BlackClock "01:42:41"]
[PlyCount "115"]
[WhiteFideId "34616748"]
[BlackFideId "34623825"]
[EventCountry "GER"]
[EventRounds "9"]
[EventType "swiss"]
[EventDate "2023.05.27"]

1. d4 {[%clk 01:30:58]} {[%emt 00:00:02]} d5 {[%clk 01:30:56]} {[%emt
00:00:04]} 2. Nc3 {[%clk 01:31:15]} {[%emt 00:00:13]} Nf6 {[%clk 01:31:21]}
{[%emt 00:00:06]} 3. Bf4 {[%clk 01:31:09]} {[%emt 00:00:36]} c5 {[%clk
01:31:36]} {[%emt 00:00:15]} 4. Nf3 {[%clk 01:31:11]} {[%emt 00:00:27]} Nc6
{[%clk 01:31:58]} {[%emt 00:00:08]} 5. e3 {[%clk 01:31:28]} {[%emt 00:00:13]}
Bf5 {[%clk 01:32:09]} {[%emt 00:00:20]} 6. Bb5 {[%clk 01:31:44]} {[%emt
00:00:14]} Qb6 {[%clk 01:32:27]} {[%emt 00:00:12]} 7. Bxc6+ {[%clk 01:31:47]}
{[%emt 00:00:27]} bxc6 {[%clk 01:32:44]} {[%emt 00:00:13]} 8. Rb1 {[%clk
01:31:31]} {[%emt 00:00:46]} e6 {[%clk 01:32:38]} {[%emt 00:00:36]} 9. O-O
{[%emt 00:00:21]} cxd4 {[%emt 00:00:14]} 10. Nxd4 {[%clk 01:31:04]} {[%emt
00:00:20]} Bc5 {[%clk 01:32:32]} {[%emt 00:00:36]} 11. Nxf5 {[%clk 01:31:04]}
{[%emt 00:00:30]} exf5 {[%clk 01:32:48]} {[%emt 00:00:15]} 12. Na4 {[%clk
01:31:25]} {[%emt 00:00:10]} Qb5 {[%clk 01:33:07]} {[%emt 00:00:10]} 13. Nxc5
{[%clk 01:31:29]} {[%emt 00:00:25]} Qxc5 {[%clk 01:33:31]} {[%emt 00:00:06]}
14. Qd3 {[%clk 01:31:44]} {[%emt 00:00:16]} g6 {[%clk 01:32:58]} {[%emt
00:01:02]} 15. Be5 {[%clk 01:32:08]} {[%emt 00:00:07]} Qe7 {[%clk 01:33:01]}
{[%emt 00:00:27]} 16. Qd4 {[%clk 01:32:29]} {[%emt 00:00:09]} c5 {[%clk
01:33:10]} {[%emt 00:00:20]} 17. Bxf6 {[%clk 01:32:01]} {[%emt 00:00:58]} cxd4
{[%clk 01:33:20]} {[%emt 00:00:21]} 18. Bxe7 {[%clk 01:32:20]} {[%emt
00:00:11]} Kxe7 {[%clk 01:33:35]} {[%emt 00:00:15]} 19. exd4 {[%clk 01:32:40]}
{[%emt 00:00:09]} Kd6 {[%clk 01:33:54]} {[%emt 00:00:11]} 20. f4 {[%clk
01:32:56]} {[%emt 00:00:14]} Rac8 {[%clk 01:34:18]} {[%emt 00:00:07]} 21. c3
{[%clk 01:33:15]} {[%emt 00:00:11]} Rhe8 {[%clk 01:34:38]} {[%emt 00:00:09]}
22. Kf2 {[%clk 01:33:36]} {[%emt 00:00:09]} Re4 {[%clk 01:35:05]} {[%emt
00:00:03]} 23. Kf3 {[%clk 01:33:35]} {[%emt 00:00:31]} Rce8 {[%clk 01:34:51]}
{[%emt 00:00:44]} 24. Kg3 {[%clk 01:33:29]} {[%emt 00:00:36]} f6 {[%clk
01:35:12]} {[%emt 00:00:09]} 25. b4 {[%clk 01:31:28]} {[%emt 00:02:32]} Re3+
{[%clk 01:35:35]} {[%emt 00:00:06]} 26. Rf3 {[%clk 01:31:50]} {[%emt 00:00:08]}
Re2 {[%clk 01:35:26]} {[%emt 00:00:39]} 27. Rf2 {[%clk 01:30:57]} {[%emt
00:01:23]} R8e3+ {[%clk 01:35:00]} {[%emt 00:00:56]} 28. Rf3 {[%clk 01:30:37]}
Rxf3+ {[%clk 01:35:09]} {[%emt 00:01:11]} 29. Kxf3 {[%clk 01:30:59]} {[%emt
00:00:09]} Rxa2 {[%clk 01:35:35]} {[%emt 00:00:04]} 30. h4 {[%clk 01:31:04]}
{[%emt 00:00:24]} Kc6 {[%clk 01:35:58]} {[%emt 00:00:07]} 31. g4 {[%clk
01:31:20]} {[%emt 00:00:14]} fxg4+ {[%clk 01:36:09]} {[%emt 00:00:19]} 32. Kxg4
{[%clk 01:31:41]} {[%emt 00:00:10]} Kb5 {[%clk 01:36:21]} {[%emt 00:00:18]} 33.
Rc1 {[%clk 01:31:38]} {[%emt 00:00:32]} Kc4 {[%clk 01:36:39]} {[%emt 00:00:13]}
34. f5 {[%clk 01:31:56]} {[%emt 00:00:12]} Ra3 {[%clk 01:36:57]} {[%emt
00:00:11]} 35. fxg6 {[%clk 01:32:00]} {[%emt 00:00:26]} hxg6 {[%clk 01:37:19]}
{[%emt 00:00:08]} 36. h5 {[%clk 01:32:12]} {[%emt 00:00:18]} gxh5 {[%clk
01:37:30]} {[%emt 00:00:19]} 37. Kxh5 {[%clk 01:32:32]} {[%emt 00:00:10]} Rxc3
{[%clk 01:37:56]} {[%emt 00:00:04]} 38. Rf1 {[%clk 01:32:39]} {[%emt 00:00:23]}
Kxd4 {[%clk 01:38:00]} {[%emt 00:00:26]} 39. Rxf6 {[%clk 01:32:59]} {[%emt
00:00:09]} Kc4 {[%clk 01:38:21]} {[%emt 00:00:09]} 40. Ra6 {[%clk 01:33:05]}
{[%emt 00:00:25]} Kxb4 {[%clk 01:38:23]} {[%emt 00:00:28]} 41. Rxa7 {[%clk
01:33:27]} {[%emt 00:00:08]} Rc5 {[%clk 01:38:37]} {[%emt 00:00:16]} 42. Rd7
{[%clk 01:33:40]} {[%emt 00:00:18]} d4+ {[%clk 01:38:58]} {[%emt 00:00:09]} 43.
Kg4 {[%clk 01:34:02]} {[%emt 00:00:07]} Kc4 {[%clk 01:39:19]} {[%emt 00:00:09]}
44. Kf3 {[%clk 01:34:23]} {[%emt 00:00:09]} Rd5 {[%clk 01:39:39]} {[%emt
00:00:09]} 45. Rxd5 {[%clk 01:33:50]} {[%emt 00:01:03]} Kxd5 {[%clk 01:40:01]}
{[%emt 00:00:08]} 46. Ke2 {[%clk 01:34:03]} {[%emt 00:00:16]} Ke4 {[%clk
01:40:12]} {[%emt 00:00:20]} 47. Kd2 {[%clk 01:34:25]} {[%emt 00:00:08]} d3
{[%clk 01:40:34]} {[%emt 00:00:08]} 48. Kd1 {[%clk 01:34:40]} {[%emt 00:00:15]}
Kd5 {[%clk 01:39:56]} {[%emt 00:01:08]} 49. Kd2 {[%clk 01:34:58]} {[%emt
00:00:12]} Kc4 {[%clk 01:40:17]} {[%emt 00:00:09]} 50. Kd1 {[%clk 01:35:04]}
{[%emt 00:00:24]} Kd4 {[%clk 01:40:29]} {[%emt 00:00:17]} 51. Kd2 {[%clk
01:35:25]} {[%emt 00:00:10]} Ke4 {[%clk 01:40:53]} {[%emt 00:00:06]} 52. Kd1
{[%clk 01:35:47]} {[%emt 00:00:08]} Ke3 {[%clk 01:41:16]} {[%emt 00:00:07]} 53.
Ke1 {[%clk 01:36:10]} {[%emt 00:00:07]} Ke4 {[%clk 01:41:36]} {[%emt 00:00:11]}
54. Kd2 {[%clk 01:36:27]} {[%emt 00:00:13]} Kd4 {[%clk 01:41:56]} {[%emt
00:00:09]} 55. Kd1 {[%clk 01:36:46]} {[%emt 00:00:11]} Kc3 {[%clk 01:41:59]}
{[%emt 00:00:27]} 56. Kc1 {[%clk 01:37:07]} {[%emt 00:00:08]} d2+ {[%clk
01:42:22]} {[%emt 00:00:07]} 57. Kd1 {[%clk 01:37:28]} {[%emt 00:00:10]} Kc4
{[%clk 01:42:41]} {[%emt 00:00:11]} 58. Kxd2 {[%clk 01:37:49]} {[%emt
00:00:09]} 1/2-1/2

[Event "ODJM C 2023"]
[Site "Willingen GER"]
[Date "2023.05.31"]
[Round "6"]
[White "Reetz, Shaila"]
[Black "Hendricks, Ole"]
[Result "0-1"]
[Termination "normal"]
[Board "24"]
[WhiteElo "1003"]
[BlackElo "1263"]
[WhiteClock "01:30:43"]
[BlackClock "01:07:53"]
[PlyCount "26"]
[WhiteFideId "34630317"]
[BlackFideId "34660488"]
[EventCountry "GER"]
[EventRounds "9"]
[EventType "swiss"]
[EventDate "2023.05.27"]

1. e4 {[%clk 01:30:57]} {[%emt 00:00:03]} e5 {[%clk 01:30:55]} {[%emt
00:00:05]} 2. Nf3 {[%clk 01:31:20]} {[%emt 00:00:07]} Nc6 {[%clk 01:31:10]}
{[%emt 00:00:14]} 3. Nc3 {[%clk 01:31:38]} {[%emt 00:00:12]} Nf6 {[%clk
01:30:18]} {[%emt 00:01:23]} 4. Bb5 {[%clk 01:32:01]} {[%emt 00:00:08]} Bc5
{[%clk 01:28:13]} {[%emt 00:02:33]} 5. Nxe5 {[%clk 01:32:19]} {[%emt 00:00:11]}
Bxf2+ {[%clk 01:26:47]} {[%emt 00:01:58]} 6. Kxf2 {[%clk 01:32:24]} {[%emt
00:00:24]} Nxe5 {[%clk 01:27:08]} {[%emt 00:00:10]} 7. d3 {[%clk 01:32:15]}
{[%emt 00:00:38]} O-O {[%clk 01:12:16]} {[%emt 00:15:23]} 8. Bg5 {[%clk
01:32:13]} {[%emt 00:00:29]} Nfg4+ {[%clk 01:11:22]} {[%emt 00:01:27]} 9. Kg1
{[%clk 01:32:04]} {[%emt 00:00:39]} Qxg5 {[%clk 01:09:19]} {[%emt 00:02:32]}
10. Nd5 {[%clk 01:30:17]} {[%emt 00:02:17]} c6 {[%clk 01:07:33]} {[%emt
00:02:17]} 11. Bc4 {[%clk 01:30:23]} {[%emt 00:00:24]} cxd5 {[%clk 01:07:39]}
{[%emt 00:00:24]} 12. Bxd5 {[%clk 01:30:43]} {[%emt 00:00:08]} Qe3+ {[%clk
01:07:27]} {[%emt 00:00:44]} 13. Kf1 {[%clk 01:30:43]} {[%emt 00:00:29]} Qf2#
{[%clk 01:07:53]} {[%emt 00:00:05]} 0-1

[Event "ODJM C 2023"]
[Site "Willingen GER"]
[Date "2023.05.31"]
[Round "6"]
[White "Andrade, Levin"]
[Black "Fischermann, Charlotte"]
[Result "0-1"]
[Termination "normal"]
[Board "25"]
[WhiteElo "840"]
[BlackElo "1303"]
[WhiteClock "01:12:43"]
[BlackClock "01:12:24"]
[PlyCount "122"]
[WhiteFideId "34660399"]
[BlackFideId "34619690"]
[EventCountry "GER"]
[EventRounds "9"]
[EventType "swiss"]
[EventDate "2023.05.27"]

1. e4 {[%clk 01:30:59]} {[%emt 00:08:35]} e5 {[%clk 01:30:55]} {[%emt
00:00:05]} 2. Nf3 {[%clk 01:31:26]} {[%emt 00:00:03]} Nc6 {[%clk 01:31:18]}
{[%emt 00:00:06]} 3. Bc4 {[%clk 01:31:54]} {[%emt 00:00:03]} Bc5 {[%clk
01:31:41]} {[%emt 00:00:07]} 4. c3 {[%clk 01:32:20]} {[%emt 00:00:05]} Nf6
{[%clk 01:31:02]} {[%emt 00:01:09]} 5. d3 {[%clk 01:32:41]} {[%emt 00:00:08]}
a6 {[%clk 01:29:51]} {[%emt 00:01:42]} 6. Bb3 {[%clk 01:32:57]} {[%emt
00:00:13]} d6 {[%clk 01:29:56]} {[%emt 00:00:24]} 7. Nbd2 {[%clk 01:33:18]}
{[%emt 00:00:10]} Be6 {[%clk 01:27:18]} {[%emt 00:03:08]} 8. h3 {[%clk
01:32:35]} {[%emt 00:01:13]} Ba7 {[%clk 01:26:51]} {[%emt 00:00:57]} 9. Nf1
{[%clk 01:32:25]} {[%emt 00:00:40]} d5 {[%clk 01:26:32]} {[%emt 00:00:49]} 10.
Qe2 {[%clk 01:32:42]} {[%emt 00:00:12]} dxe4 {[%clk 01:24:27]} {[%emt
00:02:36]} 11. dxe4 {[%clk 01:33:04]} {[%emt 00:00:08]} Qe7 {[%clk 01:23:39]}
{[%emt 00:01:18]} 12. Be3 {[%clk 01:30:06]} {[%emt 00:03:28]} h6 {[%clk
01:21:49]} {[%emt 00:02:20]} 13. Bxa7 {[%clk 01:29:34]} {[%emt 00:01:02]} Bxb3
{[%clk 01:20:26]} {[%emt 00:01:53]} 14. axb3 {[%clk 01:29:46]} {[%emt
00:00:18]} Nxa7 {[%clk 01:20:27]} {[%emt 00:00:30]} 15. O-O-O {[%clk 01:29:02]}
{[%emt 00:01:13]} O-O {[%clk 01:17:12]} {[%emt 00:03:45]} 16. g4 {[%clk
01:28:29]} {[%emt 00:00:59]} Nh7 {[%clk 01:16:42]} {[%emt 00:01:03]} 17. Ng3
{[%clk 01:27:23]} {[%emt 00:01:36]} Rad8 {[%clk 01:15:14]} {[%emt 00:01:58]}
18. Nf5 {[%clk 01:27:20]} {[%emt 00:00:33]} Qf6 {[%clk 01:14:28]} {[%emt
00:01:17]} 19. Qe3 {[%clk 01:26:45]} {[%emt 00:01:04]} Nc6 {[%clk 01:13:59]}
{[%emt 00:01:00]} 20. h4 {[%clk 01:26:26]} {[%emt 00:00:49]} Rxd1+ {[%clk
01:12:43]} {[%emt 00:01:46]} 21. Rxd1 {[%clk 01:26:43]} {[%emt 00:00:13]} Rd8
{[%clk 01:10:54]} {[%emt 00:02:18]} 22. g5 {[%clk 01:26:06]} {[%emt 00:01:07]}
Rxd1+ {[%clk 01:09:42]} {[%emt 00:01:42]} 23. Kxd1 {[%clk 01:26:21]} {[%emt
00:00:15]} hxg5 {[%clk 01:09:01]} {[%emt 00:01:12]} 24. hxg5 {[%clk 01:26:31]}
{[%emt 00:00:18]} Qd8+ {[%clk 01:08:40]} {[%emt 00:00:53]} 25. Kc2 {[%clk
01:25:54]} {[%emt 00:01:07]} g6 {[%clk 01:08:03]} {[%emt 00:01:07]} 26. Nh6+
{[%clk 01:25:25]} {[%emt 00:00:59]} Kf8 {[%clk 01:05:31]} {[%emt 00:03:02]} 27.
Qc5+ {[%clk 01:25:33]} {[%emt 00:00:21]} Qe7 {[%clk 01:05:22]} {[%emt
00:00:41]} 28. Qxe7+ {[%clk 01:24:33]} {[%emt 00:01:30]} Kxe7 {[%clk 01:05:27]}
{[%emt 00:00:25]} 29. Ng8+ {[%clk 01:24:31]} {[%emt 00:00:30]} Ke6 {[%clk
01:05:17]} {[%emt 00:00:41]} 30. Kd3 {[%clk 01:23:49]} {[%emt 00:01:12]} Nf8
{[%clk 01:05:29]} {[%emt 00:00:18]} 31. Nf6 {[%clk 01:20:48]} {[%emt 00:03:30]}
Nd7 {[%clk 01:05:34]} {[%emt 00:00:26]} 32. Nxd7 {[%clk 01:20:57]} {[%emt
00:00:21]} Kxd7 {[%emt 00:00:06]} 33. Kc4 {[%clk 01:20:49]} {[%emt 00:00:36]}
Kd6 {[%clk 01:06:11]} {[%emt 00:00:19]} 34. b4 {[%clk 01:20:58]} {[%emt
00:00:21]} b5+ {[%clk 01:06:22]} {[%emt 00:00:19]} 35. Kb3 {[%clk 01:21:04]}
{[%emt 00:00:24]} Ke6 {[%clk 01:06:07]} {[%emt 00:00:45]} 36. c4 {[%clk
01:20:53]} {[%emt 00:00:41]} Nd4+ {[%clk 01:05:51]} {[%emt 00:00:46]} 37. Nxd4+
{[%clk 01:20:59]} {[%emt 00:00:24]} exd4 {[%clk 01:06:18]} {[%emt 00:00:04]}
38. f4 {[%clk 01:20:30]} {[%emt 00:00:59]} f6 {[%clk 01:05:43]} {[%emt
00:01:05]} 39. gxf6 {[%clk 01:20:35]} {[%emt 00:00:24]} Kxf6 {[%clk 01:06:11]}
{[%emt 00:00:22]} 40. Kc2 {[%clk 01:19:39]} bxc4 {[%clk 01:06:11]} {[%emt
00:02:15]} 41. b3 c3 {[%emt 00:00:41]} 42. Kd3 {[%clk 01:19:27]} {[%emt
00:00:21]} g5 {[%clk 01:06:01]} {[%emt 00:00:42]} 43. fxg5+ {[%clk 01:18:45]}
{[%emt 00:01:11]} Kxg5 {[%clk 01:06:25]} {[%emt 00:00:06]} 44. e5 {[%clk
01:11:15]} {[%emt 00:08:01]} Kf5 {[%clk 01:06:42]} {[%emt 00:00:12]} 45. e6
{[%clk 01:11:36]} {[%emt 00:00:08]} Kxe6 {[%clk 01:07:07]} {[%emt 00:00:06]}
46. b5 {[%clk 01:11:56]} {[%emt 00:00:09]} axb5 {[%clk 01:07:34]} {[%emt
00:00:04]} 47. b4 {[%clk 01:12:18]} {[%emt 00:00:08]} Kd5 {[%clk 01:07:58]}
{[%emt 00:00:06]} 48. Kc2 {[%clk 01:12:16]} {[%emt 00:00:31]} Kc4 {[%clk
01:08:23]} {[%emt 00:00:05]} 49. Kd1 {[%clk 01:12:39]} {[%emt 00:00:06]} Kxb4
{[%clk 01:08:47]} {[%emt 00:00:07]} 50. Kc2 {[%clk 01:12:17]} {[%emt 00:00:53]}
d3+ {[%clk 01:09:00]} {[%emt 00:00:16]} 51. Kxd3 {[%clk 01:12:41]} {[%emt
00:00:06]} Kb3 {[%clk 01:09:26]} {[%emt 00:00:05]} 52. Kd4 {[%clk 01:13:07]}
{[%emt 00:00:04]} c2 {[%clk 01:09:50]} {[%emt 00:00:06]} 53. Ke5 {[%clk
01:13:28]} {[%emt 00:00:09]} c1=Q {[%clk 01:10:11]} {[%emt 00:00:09]} 54. Kf6
{[%clk 01:13:06]} {[%emt 00:00:52]} Qe1 {[%clk 01:10:31]} {[%emt 00:00:11]} 55.
Kf5 {[%clk 01:13:27]} {[%emt 00:00:08]} Kc4 {[%clk 01:10:47]} {[%emt 00:00:14]}
56. Kg4 {[%clk 01:13:44]} {[%emt 00:00:12]} Qf2 {[%clk 01:11:08]} {[%emt
00:00:10]} 57. Kg5 {[%clk 01:13:59]} {[%emt 00:00:16]} Kd5 {[%clk 01:11:30]}
{[%emt 00:00:08]} 58. Kg4 {[%clk 01:14:19]} {[%emt 00:00:10]} Ke5 {[%clk
01:11:55]} {[%emt 00:00:05]} 59. Kg5 {[%clk 01:14:24]} {[%emt 00:00:25]} Qg3
{[%clk 01:12:17]} {[%emt 00:00:07]} 60. Kh6 {[%clk 01:13:50]} {[%emt 00:01:03]}
Kf6 {[%clk 01:12:24]} {[%emt 00:00:25]} 61. Kh5 {[%clk 01:12:43]} {[%emt
00:01:03]} Qg5+ {[%emt 00:00:06]} 0-1

[Event "ODJM C 2023"]
[Site "Willingen GER"]
[Date "2023.05.31"]
[Round "6"]
[White "Kühne, Malin"]
[Black "Kulgemeyer, Justus"]
[Result "1-0"]
[Termination "normal"]
[Board "26"]
[WhiteElo "1162"]
[BlackElo "1106"]
[WhiteClock "00:19:55"]
[BlackClock "01:04:27"]
[PlyCount "101"]
[WhiteFideId "34619747"]
[BlackFideId "34623671"]
[EventCountry "GER"]
[EventRounds "9"]
[EventType "swiss"]
[EventDate "2023.05.27"]

1. d4 {[%clk 01:30:59]} d5 {[%clk 01:30:56]} {[%emt 00:00:05]} 2. c4 {[%clk
01:31:23]} {[%emt 00:00:06]} Nf6 {[%clk 01:31:20]} {[%emt 00:00:06]} 3. Nc3
{[%clk 01:31:45]} {[%emt 00:00:08]} e6 {[%clk 01:31:44]} {[%emt 00:00:06]} 4.
e3 {[%clk 01:32:01]} {[%emt 00:00:14]} Nbd7 {[%clk 01:31:59]} {[%emt 00:00:15]}
5. Nf3 {[%clk 01:32:03]} {[%emt 00:00:28]} b6 {[%clk 01:32:16]} {[%emt
00:00:12]} 6. Be2 {[%clk 01:30:45]} {[%emt 00:01:48]} Bd6 {[%clk 01:32:32]}
{[%emt 00:00:15]} 7. O-O {[%clk 01:30:27]} {[%emt 00:00:49]} Bb7 {[%clk
01:32:48]} {[%emt 00:00:14]} 8. Qc2 {[%clk 01:27:21]} {[%emt 00:03:35]} Ne4
{[%clk 01:32:50]} {[%emt 00:00:27]} 9. Nb5 {[%clk 01:25:39]} {[%emt 00:02:13]}
O-O {[%clk 01:30:38]} {[%emt 00:02:43]} 10. Nxd6 {[%clk 01:24:35]} {[%emt
00:01:35]} Nxd6 {[%clk 01:30:25]} {[%emt 00:00:43]} 11. cxd5 {[%clk 01:21:38]}
{[%emt 00:03:27]} exd5 {[%clk 01:30:28]} {[%emt 00:00:26]} 12. Bd2 {[%clk
01:20:21]} {[%emt 00:01:46]} Ne4 {[%clk 01:29:58]} {[%emt 00:01:00]} 13. Bb4
{[%clk 01:15:51]} {[%emt 00:05:01]} Re8 {[%clk 01:29:58]} {[%emt 00:00:30]} 14.
Nd2 {[%clk 01:13:37]} {[%emt 00:02:43]} c5 {[%clk 01:29:38]} {[%emt 00:00:51]}
15. Nxe4 {[%clk 01:07:54]} {[%emt 00:06:14]} dxe4 {[%clk 01:29:50]} {[%emt
00:00:18]} 16. dxc5 {[%clk 01:07:37]} {[%emt 00:00:47]} bxc5 {[%clk 01:29:43]}
{[%emt 00:00:37]} 17. Bxc5 {[%clk 01:06:50]} {[%emt 00:01:16]} Rc8 {[%clk
01:29:37]} {[%emt 00:00:37]} 18. b4 {[%clk 01:06:06]} {[%emt 00:01:14]} a5
{[%clk 01:29:56]} {[%emt 00:00:11]} 19. a3 {[%clk 01:05:39]} {[%emt 00:00:57]}
Qc7 {[%clk 01:25:51]} {[%emt 00:04:35]} 20. Bg4 {[%clk 00:55:41]} {[%emt
00:10:28]} g6 {[%clk 01:21:34]} {[%emt 00:04:47]} 21. Bxd7 {[%clk 00:55:05]}
{[%emt 00:01:07]} Qxd7 {[%clk 01:21:34]} {[%emt 00:00:30]} 22. Qb2 {[%clk
00:51:21]} {[%emt 00:04:14]} Rb8 {[%clk 01:16:18]} {[%emt 00:05:47]} 23. Rfd1
{[%clk 00:48:07]} {[%emt 00:03:44]} Qg4 {[%clk 01:15:05]} {[%emt 00:01:43]} 24.
Rdc1 {[%clk 00:40:59]} {[%emt 00:07:38]} a4 {[%clk 01:13:33]} {[%emt 00:02:02]}
25. Qc2 {[%clk 00:36:19]} {[%emt 00:05:09]} Ra8 {[%emt 00:02:24]} 26. Rd1
{[%clk 00:32:06]} {[%emt 00:04:41]} Ba6 {[%clk 01:10:36]} {[%emt 00:01:35]} 27.
Rd4 {[%clk 00:26:17]} {[%emt 00:06:18]} Bd3 {[%clk 01:10:09]} {[%emt 00:00:59]}
28. Qxd3 {[%clk 00:22:35]} {[%emt 00:04:12]} exd3 {[%clk 01:09:21]} {[%emt
00:01:18]} 29. Rxg4 {[%clk 00:22:20]} {[%emt 00:00:46]} Red8 {[%clk 01:09:26]}
{[%emt 00:00:25]} 30. Rd1 {[%clk 00:21:37]} {[%emt 00:01:12]} d2 {[%clk
01:08:53]} {[%emt 00:01:03]} 31. Rd4 {[%clk 00:19:33]} {[%emt 00:02:33]} Rxd4
{[%clk 01:09:12]} {[%emt 00:00:12]} 32. exd4 {[%clk 00:19:17]} {[%emt
00:00:46]} Re8 {[%clk 01:09:32]} {[%emt 00:00:10]} 33. Kf1 {[%clk 00:18:50]}
{[%emt 00:00:58]} Re4 {[%clk 01:07:29]} {[%emt 00:02:33]} 34. Rxd2 {[%clk
00:17:42]} {[%emt 00:01:38]} Rh4 {[%clk 01:04:57]} {[%emt 00:03:02]} 35. h3
{[%clk 00:17:53]} {[%emt 00:00:19]} Re4 {[%clk 01:05:15]} {[%emt 00:00:12]} 36.
Re2 {[%clk 00:18:05]} {[%emt 00:00:17]} Rf4 {[%clk 01:05:15]} {[%emt 00:00:31]}
37. Rd2 {[%clk 00:18:11]} {[%emt 00:00:23]} Re4 {[%clk 01:04:33]} {[%emt
00:01:12]} 38. d5 {[%clk 00:17:12]} {[%emt 00:01:30]} Rc4 {[%clk 01:04:20]}
{[%emt 00:00:44]} 39. Rd3 {[%clk 00:16:55]} {[%emt 00:00:46]} Re4 {[%clk
01:03:55]} {[%emt 00:00:55]} 40. d6 {[%clk 00:17:10]} {[%emt 00:00:14]} Re8
{[%clk 01:04:17]} {[%emt 00:00:09]} 41. d7 {[%clk 00:17:35]} {[%emt 00:00:06]}
Rd8 {[%clk 01:04:34]} {[%emt 00:00:13]} 42. Be7 {[%clk 00:17:45]} {[%emt
00:00:20]} Kg7 {[%clk 01:02:02]} {[%emt 00:03:03]} 43. Bxd8 {[%clk 00:18:06]}
{[%emt 00:00:08]} Kh6 {[%clk 01:02:17]} {[%emt 00:00:15]} 44. Bc7 {[%clk
00:18:31]} {[%emt 00:00:05]} f5 {[%clk 01:02:36]} {[%emt 00:00:11]} 45. d8=Q
{[%clk 00:18:53]} {[%emt 00:00:07]} Kh5 {[%clk 01:02:51]} {[%emt 00:00:15]} 46.
g4+ {[%clk 00:19:04]} {[%emt 00:00:20]} fxg4 {[%clk 01:03:12]} {[%emt
00:00:09]} 47. hxg4+ {[%clk 00:19:15]} {[%emt 00:00:18]} Kh6 {[%clk 01:03:31]}
{[%emt 00:00:11]} 48. Rh3+ {[%clk 00:19:38]} {[%emt 00:00:08]} Kg7 {[%clk
01:03:45]} {[%emt 00:00:17]} 49. Qe7+ {[%clk 00:20:01]} {[%emt 00:00:06]} Kg8
{[%clk 01:04:05]} {[%emt 00:00:11]} 50. Rxh7 {[%clk 00:20:10]} {[%emt
00:00:21]} g5 {[%clk 01:04:27]} {[%emt 00:00:08]} 51. Qg7# {[%clk 00:19:55]}
{[%emt 00:00:05]} 1-0